000 00511cam a2200157 a 4500
020 _a9781405190473 (hardback : alk. paper)
020 _a1405190477 (hardback : alk. paper)
082 0 0 _a664.94
_bHAL/FI
245 0 0 _aFish processing : Sustainability and new opportunities
260 _aChichester, West Sussex, U.K. ;
_aAmes, Iowa, :
_bWiley-Blackwell Pub.,
_c2011.
300 _ax, 296 p. :
_bill. ;
650 0 _aFishery processing.
650 0 _aFishery technology.
700 1 _aHall, G. M.,
942 _cBK
999 _c13740
_d13740